Preferences of Current Female University Students – Family Or Career?

Postoje absolventiek vysokých škôl k materstvu a rodinnému životu a do akej miery uprednostňujú kariéru pred rodinou. Overenie pravdivosti prevládajúceho názoru na koreláciu medzi rastúcim počtom kariérne orientovaných žien s určitou dosiahnutou úrovňou vzdelania a ženami orientovanými na rodinu.

Salvato in:
Dettagli Bibliografici
Autore principale: Reissová, Alice
Altri autori: Šimsová, Jana, Laslofi, Jitka
Natura: Capitolo di libro
Lingua:inglese
Soggetti:
Tags: Aggiungi Tag
Nessun Tag, puoi essere il primo ad aggiungerne!!

MARC

LEADER 00000nla a2200000 4500
001 0247002
005 20210325095131.8
041 0 |a eng 
044 |a CZ 
245 1 0 |a Preferences of Current Female University Students – Family Or Career?  |c Alice Reissová, Jana Šimsová, Jitka Laslofi 
520 |a Postoje absolventiek vysokých škôl k materstvu a rodinnému životu a do akej miery uprednostňujú kariéru pred rodinou. Overenie pravdivosti prevládajúceho názoru na koreláciu medzi rastúcim počtom kariérne orientovaných žien s určitou dosiahnutou úrovňou vzdelania a ženami orientovanými na rodinu. 
610 2 0 |a ženy 
610 2 0 |a postoje 
610 2 0 |a vzdelanie 
610 2 0 |a vzdelanie vysokoškolské 
610 2 0 |a kariéra 
610 2 0 |a práca 
610 2 0 |a rodina 
610 2 0 |a materstvo 
100 1 |a Reissová, Alice 
700 1 |a Šimsová, Jana 
700 1 |a Laslofi, Jitka